Possession claims (3) (Record no. 68451)

MARC details
000 -LEADER
fixed length control field 01057cam a2200229 4500
001 - CONTROL NUMBER
control field ABS64568
008 - FIXED-LENGTH DATA ELEMENTS--GENERAL INFORMATION
fixed length control field 011003n2001 000 0 eng u
035 ## - SYSTEM CONTROL NUMBER
System control number (Sirsi) u114963
100 ## - MAIN ENTRY--PERSONAL NAME
Personal name Webber, G.
245 ## - TITLE STATEMENT
Title Possession claims (3)
260 ## - PUBLICATION, DISTRIBUTION, ETC.
Date of publication, distribution, etc. 2001
490 ## - SERIES STATEMENT
Series statement Solicitors' Journal
Volume/sequential designation 145(36) 28 September 2001, 883(1)
520 ## - SUMMARY, ETC.
Summary, etc. Third in a four-part guide to the new possession and lease renewal procedures under the Civil Procedure Rules. [Part 1, which looks at standard possession claims - XX (114805.1) - and Part 2, which focuses on trespasser and mortgage cases, are available from the RICS Library]. Part 3 looks at accelerated possession claims. Considers the conditions that will apply; claim form, service and defence; reference to a judge; and postponement of possession order.
590 ## - LOCAL NOTE (RLIN)
Local note ABS
650 ## - SUBJECT ADDED ENTRY--TOPICAL TERM
Topical term or geographic name entry element CIVIL PROCEDURE RULES
650 ## - SUBJECT ADDED ENTRY--TOPICAL TERM
Topical term or geographic name entry element POSSESSION CLAIMS
650 ## - SUBJECT ADDED ENTRY--TOPICAL TERM
Topical term or geographic name entry element LEASE RENEWALS
650 ## - SUBJECT ADDED ENTRY--TOPICAL TERM
Topical term or geographic name entry element PROCEDURES
650 ## - SUBJECT ADDED ENTRY--TOPICAL TERM
Topical term or geographic name entry element ACCELERATED POSSESSION PROCEDURE
690 ## - LOCAL SUBJECT ADDED ENTRY--TOPICAL TERM (OCLC, RLIN)
Topical term or geographic name as entry element LANDLORD AND TENANT-LEASES
942 ## - ADDED ENTRY ELEMENTS (KOHA)
Suppress in OPAC 0
Holdings
Withdrawn status Lost status Source of classification or shelving scheme Damaged status Not for loan Home library Current library Shelving location Date acquired Total Checkouts Full call number Barcode Date last seen Copy number Price effective from Koha item type
    Dewey Decimal Classification     London London Journal article 03/10/2001   ABS64568 114963-1001 06/08/2019 1 06/08/2019 Journal article